000 00816nam a22002777a 4500
001 BR7406871
003 BR-BrBNA
005 20230928084700.0
007 ta
008 230509b bl.||||| |||| 00| 0 por d
040 _aBR-BrBNA
_bpor
_cBiblioteca Nacional de Agricultura
041 _a(Por)
072 _aD50; F01; E70
_b/G514
090 _ D50 BR7406871
110 1 _aComissao de Financiamento da Producao, Brasilia, DF (Brasil)
_91989
245 1 _aLegislacao basica da CFP. Precos minimos [Comissao de Financiamento da Producao]
260 3 _aBrasilia, DF (Brasil):
_c[nd].
300 _a20 p.
500 _aPublished after 1973
650 _aPRODUCAO VEGETAL
650 _aLEGISLACAO
650 _aPRECO MINIMO
650 _aFINANCIAMENTO
909 _a202309
_bLucia
_c55
_dLucia Elande
942 _cBK
999 _c20465
_d20465